LEADER 01685nam a2200337 u 4500 001 000000005299 003 CaOOAMICUS 005 20150122151446.0 008 941013s1974 it u000 u ita u 035 $a10139488 040 $aEFR$bita$dPUL(R) 100 1 $aCapitani, Ovidio,$d1930-2012.$0(OLS)http://pul/name/1205 245 13$aLa concezione della povertà nel Medioevo :$bantologia di scritti /$ca cura di Ovidio Capitani. 260 $aBologna :$bPàtron,$c1974. 300 $aviii, 355 p.$c22 cm 490 1 $aMondo medievale.$aSezione di storia delle istituzioni, della spiritualità e delle idee ;$v1 504 $aIncludes bibliographical references. 650 4$aPovertà$xStoria$yEvo medio$xIndirizzi, saggi, letture.$0(OLS)http://pul/subject/4718 650 4$aMedioevo$xStoria.$0(OLS)http://pul/subject/1431 650 0$aPoverty$xHistory.$2//eng$0(OLS)http://pul/subject/4719 650 0$aMiddle Ages.$2//eng$0(OLS)http://pul/subject/831 830 0$aMondo medievale.$pSezione di storia delle istituzioni, della spiritualità e delle idee ;$v1.$0(OLS)http://pul/title/1585 850 $aPUL 852 $aPUL$W1$xSL Filosofia 1$y2$m107 G 29$j7425$nBK-PRI$b $qStampati$B7425$CPULBib$Z2$F7425 $H $81 852 $aPUL$W1$xDP1 Fondo Capitani$y116$m4 C 3$j6353$qFondi$B163089$CPULBib$Z2$F163089 $HCap2305 $82 941 1 $a8 941 1 $a1 961 $aINV: 47342 961 $aNota ms. di possesso : Capitani 996 $6245$aLa concezione della povertà nel Medioevo :$bantologia di scritti$9(OLS)http://pul/title/7752 996 $6260$aBologna :$bPàtron$9(OLS)http://pul/publisher/48272 LEADER 01468nam a2200337 u 4500 001 000000034841 003 CaOOAMICUS 005 20070226112522.0 008 980216s1982 fr u000 u fre u 020 $a2701010403 035 $a10782571 040 $aPUL(R)$bita 100 1 $aMinnerath, Roland.$0(OLS)http://pul/name/18196 245 13$aLe droit de l'Eglise à la liberté :$bdu syllabus à Vatican II /$cpar Roland Minnerath. 260 $aParis :$bBeauchesne,$cc1982. 300 $a207 p. ;$c22 cm 490 1 $aLe point théologique ;$v39 500 $aContiene indici. 504 $aBibliografia in nota. 650 4$aLibertà religiosa.$0(OLS)http://pul/subject/762 830 3$aLe point théologique ;$v39.$0(OLS)http://pul/title/10197 850 $aPUL 852 $aPUL$W1$xSL Diritto Canonico 1$y5$m147 A 52$j47714$nBK-PRI$b $qStampati$B47714$CPULBib$Z2$F47714 $H $81 852 $aPUL$W1$xSL Religione 2$y84$mTheol A14 39$j47715$nBK-PRI$b $qStampati altre collocazioni$B47715$CPULBib$Z2$F47715 $HPUL97761 $81 941 1 $a8 941 1 $a10 960 $aLibertà di culto$xConvenzioni internazionali $9762 961 $aINV: 50480 996 $6020$a2701010403$9(OLS)http://pul/number/43871 996 $6245$aLe droit de l'Eglise à la liberté :$bdu syllabus à Vatican II$9(OLS)http://pul/title/48006 996 $6260$aParis :$bBeauchesne$9(OLS)http://pul/publisher/48115